Statistiques concernant Partir là-bas (Reprise) - La Petite Sirène (Paroles)

Cliquez ici pour prendre le quiz!

Statistiques générales

  • Ce quiz a été pris 19 fois
  • Le résultat moyen est 34 sur 72

Statistiques - réponses

Paroles% Correct
je
83%
Je
83%
je
83%
83%
la
83%
La
83%
la
83%
83%
à
75%
à
75%
de
75%
de
75%
de
75%
moi
75%
moi
75%
et
67%
et
67%
et
67%
les
58%
me
58%
Mon
58%
Mon
58%
sur
58%
Te
58%
au
50%
grand
50%
jour
50%
Pour
50%
pour
50%
Pour
50%
suis
50%
terre
50%
toi
50%
toi
50%
toi
50%
côtés
42%
mer
42%
pourquoi
42%
Rester
42%
tes
42%
toujours
42%
vie
42%
Vivre
42%
Loin
33%
Mais
33%
même
33%
Ne
33%
ne
33%
pas
33%
pas
33%
près
33%
quand
33%
regarder
33%
sais
33%
sourire
33%
t'aime
33%
bras
25%
chance
25%
commence
25%
désir
25%
espoir
25%
est
25%
prête
25%
Prince
25%
seul
25%
seul
25%
t'aimer
25%
Tendre
25%
L'amour
17%
m'oublie
17%
Vivons
17%
rêvons
8%

Distribution des résultats

Percentile par nombre de réponses

% des personnes avec chaque résultat

Votre développement - résultats

Vous n’avez pas pris ce quiz